| 000 | 00581nam a22001937a 4500 | ||
|---|---|---|---|
| 005 | 20251108173222.0 | ||
| 008 | 250721s2005 xx 000 0 ara d | ||
| 020 | _a9960141349 | ||
| 082 | 1 | 4 | _a658.00285/ ياس |
| 100 | 1 | _aياسين، سعد غالب | |
| 245 | 1 | 0 | _aالإدارة الإلكترونية و آفاق تطبيقاتها العربية / |
| 264 | 1 |
_aالرياض : _bمركز البحوث، _c2005. |
|
| 300 | _a351ص | ||
| 650 | 1 | 7 | _aالإدارة |
| 650 | 1 | 7 | _aالحاسوب |
| 650 | 1 | 7 | _aالإلكترونيات |
| 942 |
_2ddc _cBK |
||
| 999 |
_c98816 _d98816 |
||